Football Asian Games Top 4 Positions - Statistics

General Stats
  • This quiz has been taken 104 times
  • The average score is 19 of 22
Answer Stats
Answer % Correct
China
99%
Japan
99%
South Korea
98%
Iran
97%
Iraq
97%
India
95%
Indonesia
94%
North Korea
94%
Saudi Arabia
94%
Qatar
93%
South Vietnam
93%
Vietnam
93%
Thailand
90%
Malaysia
89%
United Arab Emirates
82%
Uzbekistan
79%
Chinese Taipei
75%
Myanmar
74%
Israel
72%
Kuwait
71%
Singapore
68%
Afghanistan
54%
No matching quizzes found
Score Distribution
Percent of People with Each Score
Percentile by Number Answered
Your Score History
You have not taken this quiz